Statistics for Spanish Translations of Restaurant Names

Click here to take the quiz!

General Stats

  • This quiz has been taken 296 times
  • The average score is 15 of 28

Answer Stats

HintAnswer% Correct
Expreso PandaPanda Express
88%
Castillo BlancoWhite Castle
85%
Rey de las HamburguesasBurger King
84%
Timbre TacoTaco Bell
80%
De DominóDomino's
79%
Café Rock DuroHard Rock Cafe
77%
SónicoSonic
76%
Choza de PizzaPizza Hut
75%
Jardín de AceitunasOlive Garden
69%
Rubí MartesRuby Tuesday
67%
Langosta RojaRed Lobster
65%
De ChileChili's
58%
Reina del LácteoDairy Queen
57%
MetroSubway
55%
La Fábrica de Tarta de QuesoThe Cheesecake Factory
52%
Mesa RedondaRound Table
50%
De Abeja ManzanaApplebee's
49%
Corral DoradoGolden Corral
48%
Petirrojo RojoRed Robin
47%
De CaesaritoLittle Caesar's
44%
De Juan Largo PlataLong John Silver's
36%
Hamburguesa Dentro y FueraIn-N-Out Burger
31%
Lechería Piedra FríaCold Stone Creamery
28%
Dólares EstrellasStarbucks
26%
La Vieja Fábrica de EspaguetisThe Old Spaghetti Factory
26%
Caja SorpresaJack in the Box
24%
Casa de Bistecs CampoOutback Steakhouse
23%
Remojando DonasDunkin' Donuts
14%

Score Distribution

Percentile by Number Answered

Percent of People with Each Score

Your Score History

You have not taken this quiz